A study of the spirit of prophecy counsels on constructing and managing church facilities / (Record no. 25104)

MARC details
000 -LEADER
fixed length control field 00650nam a22001937a 4500
003 - CONTROL NUMBER IDENTIFIER
control field AUA.1
005 - DATE AND TIME OF LATEST TRANSACTION
control field 20251118152013.0
008 - FIXED-LENGTH DATA ELEMENTS--GENERAL INFORMATION
fixed length control field 250630b |||||||| |||| 00| 0 eng d
040 ## - CATALOGING SOURCE
Transcribing agency JTL
100 ## - MAIN ENTRY--PERSONAL NAME
Personal name Agyapong, Alexander
245 ## - TITLE STATEMENT
Title A study of the spirit of prophecy counsels on constructing and managing church facilities /
Statement of responsibility, etc Alexander Agyapong.
260 ## - PUBLICATION, DISTRIBUTION, ETC. (IMPRINT)
Date of publication, distribution, etc c2022
300 ## - PHYSICAL DESCRIPTION
Extent viii, 109 leaves :
Other physical details Illustrations :
Dimensions 30cm.
600 ## - SUBJECT ADDED ENTRY--PERSONAL NAME
Personal name White, Ellen G.
General subdivision Church buildings
650 ## - SUBJECT ADDED ENTRY--TOPICAL TERM
Topical term or geographic name as entry element Church buildings
650 ## - SUBJECT ADDED ENTRY--TOPICAL TERM
Topical term or geographic name as entry element Church maintenance and repair
690 ## - LOCAL SUBJECT ADDED ENTRY--TOPICAL TERM (OCLC, RLIN)
Topical term or geographic name as entry element Spirit of Prophecy
942 ## - ADDED ENTRY ELEMENTS (KOHA)
Source of classification or shelving scheme AUA Inhouse Classification
Koha item type Project
Classification part MA PTh
Item part .A49 2022
Holdings
Withdrawn status Lost status Source of classification or shelving scheme Damaged status Not for loan Collection code Home library Current library Shelving location Date acquired Source of acquisition Cost, normal purchase price Serial Enumeration / chronology Total Checkouts Full call number Barcode Date last seen Cost, replacement price Price effective from Koha item type
    Library of Congress Classification     JTL Research Collection Judith Thomas Library Judith Thomas Library Judith Thomas Library Research Section 30/06/2025 Theological Seminary 25.00 AUA27923   MA PTh .A49 2022 AUA27923 30/06/2025 25.00 30/06/2025 Project